000 00304nam a22001337a 4500
008 171025b xxu||||| |||| 00| 0 eng d
020 _a9780136112457
041 _aeng
080 _a336.2
100 _a55
101 _aTAK
245 _aPRENTICE HALL'S FEDERAL TAXATION
_cPOPE, TH.R
942 _2udc
_cBK
999 _c35827
_d35827